| 000 | 00862cab a2200253 4500 | ||
|---|---|---|---|
| 001 | ABS51280 | ||
| 008 | 090401t1994 xxu||||| |||| 00| 0 eng d | ||
| 035 | _a(Sirsi) u19433 | ||
| 041 | _aeng | ||
| 100 | _aPannell, B. | ||
| 245 | 4 | _aThe German Bausparkassen system | |
| 260 | _c1994 | ||
| 350 | _a0 | ||
| 490 |
_aHousing Finance _v(23) August 1994, 26-29(4) |
||
| 520 | _aExamines the role of the Bausparkassen as a vehicle for housing finance in Germany. The Bausparkassen are often regarded as being the nearest continental european equivalent to UK building societies. Includes a table of residential mortgage lending in Germany 1983-1993. | ||
| 650 | _aBAUSPAR | ||
| 650 | _aGERMANY | ||
| 650 | _aHOUSING FINANCE | ||
| 650 | _aHOUSING MARKET | ||
| 690 | _aHOUSING-FINANCE | ||
| 690 | _aOVERSEAS-EUROPE | ||
| 942 | _n0 | ||
| 948 | _c04/03/1997 | ||
| 999 |
_c12971 _d12971 |
||